skbl

Dr Suryya Kumar Bhuyan Library Web-OPAC
ডঃ সূৰ্য্য
কুমাৰ ভূঞা পুথিভঁৰাল ৱেব-অ'পেক

All Research Scholars are advised to clear the annual library fees to continue using Library Resources, Remote Access, Plagiarism Test and Library Clearance.

Cotton University Book Fair 2026

Sri Visnudharmottara Purana : (Record no. 55901)

MARC details
000 -LEADER
fixed length control field 00505nam a2200181Ia 4500
001 - CONTROL NUMBER
control field 55977
008 - FIXED-LENGTH DATA ELEMENTS--GENERAL INFORMATION
fixed length control field 121231n ii |||gr||||Z||||||465
020 ## - INTERNATIONAL STANDARD BOOK NUMBER
International Standard Book Number 8171102119
082 ## - DEWEY DECIMAL CLASSIFICATION NUMBER
Classification number 294.5925
245 #0 - TITLE STATEMENT
Title Sri Visnudharmottara Purana :
Remainder of title Part- 111 /
Statement of responsibility, etc. Priyabala Shah .
Medium Textual Documents
250 ## - EDITION STATEMENT
Edition statement Ist ed.
260 ## - PUBLICATION, DISTRIBUTION, ETC.
Place of publication, distribution, etc. Delhi:
Name of publisher, distributor, etc. Parimal Publications.,
Date of publication, distribution, etc. 2002.
300 ## - PHYSICAL DESCRIPTION
Extent 299pg:
Dimensions 19pg.
653 ## - INDEX TERM--UNCONTROLLED
Uncontrolled term Sanskrit
653 ## - INDEX TERM--UNCONTROLLED
Uncontrolled term Deptt- Sanskrit
700 ## - ADDED ENTRY--PERSONAL NAME
Personal name Shah , Priyabala ,
Relator term Author.
942 ## - ADDED ENTRY ELEMENTS (KOHA)
Source of classification or shelving scheme Dewey Decimal Classification
Koha item type Books
Holdings
Withdrawn status Lost status Damaged status Not for loan Collection Home library Current library Shelving location Date acquired Source of acquisition Coded location qualifier Cost, normal purchase price Total checkouts Full call number Barcode Date last seen Copy number Price effective from Koha item type Public note
          Dr. Suryya Kumar Bhuyan Library Dr. Suryya Kumar Bhuyan Library   31/12/2012 SA 00000 400.00   294.5925 Sh 13 Vi 1327/Sans 14/01/2024 1 31/12/2012 Books SA

Designed and Maintained by Team SKBL
©1901-2026

Powered by Koha